Archivo de la Corona de Aragón : [guías breves de centros culturales, redactadas por la Asociación Nacional de Archiveros, Bibliotecarios y Arqueólogos, Delegación de Cataluña y Baleares] [guías breves de centros culturales, redactadas por la Asociación Nacional de Archiveros, Bibliotecarios y Arqueólogos, Delegación de Cataluña y Baleares]
Descripción Física:
20 p. : il. ; 19 cm
Materias:
Arxiu de la Corona d'Aragó -- Guies
MARC
| LEADER | 00000nam a2200000Ia 4500 | ||
|---|---|---|---|
| 001 | 14790 | ||
| 008 | 160829s9999 xx 000 0 cat d | ||
| 080 | |a FU-30-33 | ||
| 110 | 2 | |a Arxiu de la Corona d'Aragó |9 55371 | |
| 245 | |a Archivo de la Corona de Aragón : |b [guías breves de centros culturales, redactadas por la Asociación Nacional de Archiveros, Bibliotecarios y Arqueólogos, Delegación de Cataluña y Baleares] | ||
| 260 | |a Barcelona : |b la Asociación, [19-- ?] | ||
| 300 | |a 20 p. : |b il. ; |c 19 cm | ||
| 650 | |a Arxiu de la Corona d'Aragó |x Guies |9 25010 | ||
| 710 | 2 | |a Asociación Nacional de Bibliotecarios, Archiveros y Arqueólogos (Espanya) |9 55075 | |
| 901 | |a Arxiu | ||
| 942 | |n 1 | ||
| 952 | |0 0 |1 0 |4 0 |6 FU3033 |7 1 |9 48595 |a Arxiu |b Arxiu |d 2016-12-01 |l 0 |o FU-30-33 |p 14790 |r 2016-12-01 00:00:00 |w 2016-12-01 |y ARXIU | ||
| 999 | |c 52425 |d 52425 | ||